000 00486nam a2200169 a 4500
001 BRCA_6405
005 20190320205436.0
008 080911s1861----it-a######---#000-0#ger-#b.L36 1861
100 1 _aLandesio, Eugenio
_916018
245 1 0 _aFünfunddreissig Litographien
_cEugenio Landesio.
260 _aTurín, Italia
_bs.n.
_c1861
300 _a1 v. (sin paginación)
_bil.
_c25 cm.
500 _aCDE26
650 1 4 _aLitografías
_zTurín, Italia
_916019
902 _aGFM
942 _2lcc
_cB
999 _c6090
_d6090